Αντώνης Απέργης : 20 χρόνια ζωγραφικής

Αποθηκεύτηκε σε:
Λεπτομέρειες βιβλιογραφικής εγγραφής
Κύριος συγγραφέας: Απέργης, Αντώνης
Άλλοι συγγραφείς: Ιωαννίδης, Κώστας (Έφορος)
Μορφή: Βιβλίο
Γλώσσα:Greek
Δημοσίευση: [Χ.τ. : χ.ό., 1998]
Θέματα:
Ετικέτες: Προσθήκη ετικέτας
Δεν υπάρχουν, Καταχωρήστε ετικέτα πρώτοι!

MARC

LEADER 00000cam a2200000 i 4500
001 1/98697
008 081203s1998 gr | ||| |||| ||gre||
035 |l 10102186 
040 |a GR-MyUa  |b gre  |e AACR2 
041 0 |a gre 
082 7 |a 700.92   |2 (22)  
100 1 |a Απέργης, Αντώνης. 
245 1 0 |a Αντώνης Απέργης :   |b 20 χρόνια ζωγραφικής /   |c επιμέλεια καταλόγου: Κώστας Ιωαννίδης.  
246 1 |i Τίτλος εξωφύλλου:   |a Απέργης :   |b 20 χρόνια ζωγραφική  
260 |a [Χ.τ. :   |b χ.ό.,   |c 1998]  
300 |a [19] φύλλα :   |b έγχρ. εικ. ;   |c 28 εκ.  
500 |a Άνω του τίτλου: Δήμος Ερμούπολης.  
500 |a Κατάλογος έκθεσης (Ερμουπόλεια 98, Πινακοθήκη Κυκλάδων).  
600 1 7 |2 nlgaf  |a Απέργης, Αντώνης  |x Exhibitions. 
650 0 |a Painting, Greek  |y 20th century  |x Exhibitions. 
700 1 |a Ιωαννίδης, Κώστας,  |e cur 
852 |a INST  |b SYROS  |c KYK  |e 20081203  |h 700.92 ΑΠΕ  |p 005500008851  |q 005500008851  |t BK  |y 0 
901 |a BIBL5-2008-3 
970 |a Κοντού  |b Παρασκευή  |z 03/12/2008